000 00335nam a22001337a 4500
008 180308b xxu||||| |||| 00| 0 eng d
020 _a9780465097135
041 _aeng
080 _a316
100 _a50
101 _aSOC
245 _aThe coming of post-industrial society a venture in social forecasting
_cBell,D
942 _2udc
_cBK
999 _c44445
_d44445